=LDR 00000nam 2200000 4500 =001 INLIS000000000010247 =005 20130612101938 =008 ***********************************Ind** =035 ##$$a0010-061300000010247 =041 ##$$a Ind =082 ##$$a 336.201 =090 ##$$a 336.201, Res p =100 ##$$a RESMI, Siti =245 ##$$a Perpajakan, Teori dan Kasus =260 ##$$a 2003 $b Jakarta =300 ##$$a ...Jil, 26 cm =650 ##$$a Pajak dan Perpajakan - Teori =850 ##$$a NBPNMAT =990 ##$$a 92294/BPAP-NTB/2014